Vplyv technologických podmienok prípravy na stabilitu MIS štruktúr

Bibliographic Details
Main Authors: Csabay, Otto, 1937-2013 (Author), Valehrachová, Daniela, 1950- (Author)
Format: Article
Language:Slovak
PhysicalDescription:Tb. 2. Sch. 1. Grafy 10. Res. rus., nem., angl., lit. 10 zázn. v slov. a angl.
Subjects:

MARC

LEADER 00000nab a2200000 a 4500
001 vtls000140798
003 SK-MaSNL
005 20260303165859.0
008 160204c1982 xo 0 slo
015 |a SNBRB19rr/mm-uuuuu 
035 |a CL0150904 
040 |a SNKBUCL  |b slo  |c SNKBUCL  |e AACR2 
041 0 |a slo 
044 |a xo  |c SK 
080 |a 621.38  |2 1981 
080 |a 537.311.322  |2 1981 
100 1 |a Csabay, Otto,  |d 1937-2013  |4 aut  |9 13771 
245 1 0 |a Vplyv technologických podmienok prípravy na stabilitu MIS štruktúr  |c Otto Csabay, Daniela Valehrachová 
300 |b Tb. 2. Sch. 1. Grafy 10. Res. rus., nem., angl., lit. 10 zázn. v slov. a angl. 
650 0 7 |a polovodiče  |2 snkbucl  |9 1571 
655 7 |a články z novín a časopisov  |2 snkbucl  |9 267496 
700 1 |a Valehrachová, Daniela,  |d 1950-  |4 aut  |9 222924 
773 0 |t Elektrotechnický časopis  |g Roč. 33, č. 12 (1982), s. 898-910 
850 |a Slovenská národná knižnica v Martine  |a MTA001 
852 |a SNK  |b KIS3GCP 
958 |a NB 
958 |a RK 
992 |a RBX 
999 |c 2074185  |d 2076115